Normal view MARC view

Entry Personal Name

Number of records used in: 2

001 - CONTROL NUMBER

  • control field: 73026

003 - CONTROL NUMBER IDENTIFIER

  • control field: dpl

005 - DATE AND TIME OF LATEST TRANSACTION

  • control field: 20241021123208.0

008 - FIXED-LENGTH DATA ELEMENTS

  • fixed length control field: 241021|| aca||aabn | a|a d

040 ## - CATALOGING SOURCE

  • Original cataloging agency: dpl
  • Transcribing agency: dpl

100 ## - HEADING--PERSONAL NAME

  • Personal name: Rao, S. Balachandra

670 ## - SOURCE DATA FOUND

  • Source citation: Work cat.: (dpl)206512: Rao, S. Balachandra, Vedic Mathematics and Science In Vedas/, 2019

© Delhi Public Library
Hit Counter
free hit counter